000 00630nam a2200229Ia 4500
003 OSt
005 20220924114221.0
006 a|||||r|||| 00| 0
007 ta
008 220923b |||||||| |||| 00| 0 urd d
024 _a310415
037 _cTextual
040 _aARTS
_cARTS
_burd
041 _2urd
_aurd
082 _aO168:gxN35,1, K8
100 _aFarooqi Shamsurrehman
_9172457
245 0 _aFarooqi ki tabsare
260 _aAllahabad
_bShabkhoon India
_c1968
650 _aURDU LITERATURE
942 _hO168:gxN35,1, K8
_cTEXL
_2CC
999 _c392514
_d392514